000 02031nam a22002897a 4500
999 _c63723
_d63723
003 Ge_BSU
005 20251215211714.0
008 251215s2024 ge ||||| |||| 00| 0 geo d
020 _a9789941990328
041 _ageo
080 _a930(479.22)(063) ს-18
245 _aსაისტორიო მეცნიერების სამსახურში = In service to historical science :
_bპროფესორ ოთარ ჯანელიძის 70 წლისთავისადმი მიძღვნილი სამეცნიერო კრებული /
_cრედაქტორი პაატა სურგულაძე.
264 _aთბილისი :
_b საქართველოს პარლამენტის ეროვნული ბიბლიოთეკა,
_c2024.
300 _a492 გვ. ;
_b25 სმ.
500 _aგარეკანი და თავფურცელი ქართულ და ინგლისურ ენებზე.
501 _a2 სტატია ინგლისურ ენაზე, 2 სტატია რუსულ ენაზე
504 _aბიბლიოგრაფია ტექსტის შენიშვნებში.
520 _a რეზიუმე ინგლისურ ენაზე.
653 _aჯანელიძე, ოთარ.
653 _aსაისტორიო მეცნიერება
653 _aსაქართველო -- საკონფერენციო მოხსენებები.
700 _aბახტაძე, მიხეილ
_eავტორი
_92381
700 _aდარჩაშვილი, მანანა
_eავტორი.
_912633
700 _aდაუშვილი, ალექსანდრე
_eავტორი
_926520
700 _aდაუშვილი, რუსუდან და სხვ.
_eავტორი
_926521
942 _2udc
_cᲬᲘᲒᲜᲘ